Manažment environmentálne orientovaných inovačných aktivít a trvalo udržateľný rozvoj dizertačná práca

Na minha lista:
Detalhes bibliográficos
Autor principal: Jachymovič, Viliam
Autor Corporativo: Ekonomická univerzita v Bratislave. Fakulta podnikového manažmentu
Outros Autores: Molnár, Pavol
Formato: Livro
Idioma:eslovaco
Publicado em: Bratislava 2011
Assuntos:
Tags: Adicionar Tag
Sem tags, seja o primeiro a adicionar uma tag!

MARC

LEADER 00000nam a2200000 4500
001 0136752
005 20240502072530.7
041 0 |a slo 
044 |a SK 
245 1 0 |a Manažment environmentálne orientovaných inovačných aktivít a trvalo udržateľný rozvoj  |b dizertačná práca  |c Viliam Jachymovič ; školiteľ: Pavol Molnár 
264 1 |a Bratislava  |c 2011 
300 |a 151 s. 
610 2 0 |a rozvoj trvalo udržateľný 
610 2 0 |a environmentalistika 
610 2 0 |a prostredie životné 
610 2 0 |a životnosť výrobkov 
100 1 |a Jachymovič, Viliam 
700 1 |a Molnár, Pavol 
710 2 |a Ekonomická univerzita v Bratislave. Fakulta podnikového manažmentu